000 00686nam a2200241Ia 4500
003 OSt
005 20220924125309.0
006 a|||||r|||| 00| 0
007 ta
008 220923b |||||||| |||| 00| 0 tel d
024 _a346194
037 _cTextual
040 _aARTS
_cARTS
_btel
041 _2tel
_atel
082 _aO35,1H65,I, J8
100 _aPapayashastri Chilukuri Au.
_9198028
245 0 _aShri Bheemeshwara Puranamu
260 _aRajamahendravaram
_bAddepally and Co India
_c1958
300 _a267p.
_ccm.
650 _aTELUGU LITERATURE
942 _hO35,1H65,I, J8
_cTEXL
_2CC
999 _c422369
_d422369